<?xml version="1.0" encoding="UTF-8"?>
<record
    xmlns:xsi="http://www.w3.org/2001/XMLSchema-instance"
    xsi:schemaLocation="http://www.loc.gov/MARC21/slim http://www.loc.gov/standards/marcxml/schema/MARC21slim.xsd"
    xmlns="http://www.loc.gov/MARC21/slim">

  <leader>02489nam a2200385 i 4500</leader>
  <controlfield tag="001">197787</controlfield>
  <controlfield tag="003">ES-MaACL</controlfield>
  <controlfield tag="005">20250902063121.0</controlfield>
  <controlfield tag="008">250805s2004    sp |          ||| ||spa  </controlfield>
  <datafield tag="016" ind1="7" ind2=" ">
    <subfield code="a">bimoBNE20050038753</subfield>
    <subfield code="2">SpMaBN</subfield>
  </datafield>
  <datafield tag="017" ind1=" " ind2=" ">
    <subfield code="a">M 36949-2004</subfield>
    <subfield code="b">Oficina Dep&#xF3;sito Legal Madrid</subfield>
  </datafield>
  <datafield tag="020" ind1=" " ind2=" ">
    <subfield code="a">8496052826</subfield>
  </datafield>
  <datafield tag="035" ind1=" " ind2=" ">
    <subfield code="a">(OCoLC)417653836</subfield>
  </datafield>
  <datafield tag="035" ind1=" " ind2=" ">
    <subfield code="a">(SpMaBN)bimo0001998499</subfield>
  </datafield>
  <datafield tag="040" ind1=" " ind2=" ">
    <subfield code="a">SpMaBN</subfield>
    <subfield code="b">spa</subfield>
    <subfield code="c">SpMaBN</subfield>
    <subfield code="e">rdc</subfield>
  </datafield>
  <datafield tag="080" ind1=" " ind2=" ">
    <subfield code="a">94(460)"1936/39"</subfield>
  </datafield>
  <datafield tag="080" ind1=" " ind2=" ">
    <subfield code="a">94(100)"1939/45"</subfield>
  </datafield>
  <datafield tag="100" ind1="1" ind2=" ">
    <subfield code="a">Gragera D&#xED;az, Francisco, </subfield>
    <subfield code="d">1958-</subfield>
    <subfield code="9">241599</subfield>
    <subfield code="e">aut</subfield>
  </datafield>
  <datafield tag="245" ind1="1" ind2="4">
    <subfield code="a">Los quintos del Pelarg&#xF3;n / </subfield>
    <subfield code="c">Francisco Gragera D&#xED;az.</subfield>
  </datafield>
  <datafield tag="260" ind1=" " ind2=" ">
    <subfield code="a">Madrid : </subfield>
    <subfield code="b">Oberon, </subfield>
    <subfield code="c">[2004].</subfield>
  </datafield>
  <datafield tag="300" ind1=" " ind2=" ">
    <subfield code="a">202 p&#xE1;ginas, [24] p&#xE1;ginas de l&#xE1;minas ; </subfield>
    <subfield code="c">24 cm.</subfield>
  </datafield>
  <datafield tag="336" ind1=" " ind2=" ">
    <subfield code="2">rdacontent</subfield>
    <subfield code="a">texto</subfield>
  </datafield>
  <datafield tag="337" ind1=" " ind2=" ">
    <subfield code="2">rdamedia</subfield>
    <subfield code="a">sin mediaci&#xF3;n</subfield>
  </datafield>
  <datafield tag="338" ind1=" " ind2=" ">
    <subfield code="2">rdacarrier</subfield>
    <subfield code="a">volumen</subfield>
  </datafield>
  <datafield tag="490" ind1="1" ind2=" ">
    <subfield code="a">Oberon memoria</subfield>
  </datafield>
  <datafield tag="504" ind1=" " ind2=" ">
    <subfield code="a">Fuentes documentales y bibliogr&#xE1;ficas: p&#xE1;ginas [201-203]</subfield>
  </datafield>
  <datafield tag="520" ind1=" " ind2=" ">
    <subfield code="a">La aparici&#xF3;n de un pu&#xF1;ado de cartas escritas por el padre del autor durante su participaci&#xF3;n en la Guerra Civil espa&#xF1;ola supone el comienzo de una labor de investigaci&#xF3;n que le conducir&#xE1; hasta Los quintos del pelarg&#xF3;n. Gracias a los relatos ofrecidos por algunos mozos del reemplazo de 1941, que tuvieron la desgracia de ser arrastrados como la grava a los campos de batalla, podremos conocer, con todo lujo de detalles, c&#xF3;mo viv&#xED;an en aquel desolado paisaje sembrado de zanjas, alambradas y campos de minas. La Guerra Civil marcar&#xE1; a estos ni&#xF1;os, convertidos en hombres a marchas forzadas, al igual que a otras generaciones de espa&#xF1;oles nacidos antes, durante o despu&#xE9;s de aquella lucha fratricida. A los mozos supervivientes les esperaba, en el mejor de los casos, hacer la mili y padecer hambre, mucha hambre. Luego, una vez licenciados, ser&#xED;an movilizados de nuevo al estallar la Segunda Guerra Mundial y algunos, los m&#xE1;s "echaos p'alante", se alistaron a la Divisi&#xF3;n Azul para combatir en el frente ruso.</subfield>
  </datafield>
  <datafield tag="650" ind1=" " ind2="4">
    <subfield code="a">Guerra mundial, 1939-1945-</subfield>
    <subfield code="x">Participaci&#xF3;n espa&#xF1;ola</subfield>
    <subfield code="2">embne</subfield>
    <subfield code="9">13251</subfield>
  </datafield>
  <datafield tag="651" ind1=" " ind2="4">
    <subfield code="a">Espa&#xF1;a-</subfield>
    <subfield code="x">Historia-</subfield>
    <subfield code="y">1936-1939, Guerra civil</subfield>
    <subfield code="2">embne</subfield>
    <subfield code="9">8292</subfield>
  </datafield>
  <datafield tag="852" ind1=" " ind2=" ">
    <subfield code="a">ES-MaACL</subfield>
    <subfield code="c">DEPOJ</subfield>
    <subfield code="j">N-10624</subfield>
    <subfield code="x">Encuadernaci&#xF3;n carton&#xE9; con sobrecubiertas</subfield>
    <subfield code="9">206747</subfield>
    <subfield code="h">Donaci&#xF3;n: Editorial</subfield>
  </datafield>
  <datafield tag="942" ind1=" " ind2=" ">
    <subfield code="c">MONOGRAFIA</subfield>
    <subfield code="n">0</subfield>
  </datafield>
  <datafield tag="999" ind1=" " ind2=" ">
    <subfield code="c">197787</subfield>
    <subfield code="d">197787</subfield>
  </datafield>
  <datafield tag="952" ind1=" " ind2=" ">
    <subfield code="0">0</subfield>
    <subfield code="1">0</subfield>
    <subfield code="2">udc</subfield>
    <subfield code="4">0</subfield>
    <subfield code="7">0</subfield>
    <subfield code="a">ATENEOM</subfield>
    <subfield code="b">ATENEOM</subfield>
    <subfield code="c">DEPOJ</subfield>
    <subfield code="d">2025-08-31</subfield>
    <subfield code="e">DONACION</subfield>
    <subfield code="l">0</subfield>
    <subfield code="o">N-10624</subfield>
    <subfield code="p">2025-1123</subfield>
    <subfield code="r">2025-08-31 00:00:00</subfield>
    <subfield code="w">2025-08-31</subfield>
    <subfield code="y">MONOGRAFIA</subfield>
  </datafield>
</record>
